000 00857cab a22002055a 4500
001 L144117
008 080619e20080613xxka f 000 0 eng d
035 _a(Sirsi) u144117
041 0 _aeng
100 1 _aStothart, Chloe
245 0 0 _aPark life
260 _c2008
490 0 _aBuilding
_v273(8533) 13 June 2008, 76-77(2)
520 _aReports that strategies such as thermal insulation, recycling and water conservation are outdated. Suggests that the key to sustainability in housing construction lies in the building exterior. Discusses the importance of ecology and a home's surroundings on the Code for Sustainable Homes rating. Provides examples of park and pavilion schemes.
590 _aKA
650 2 4 _aDCLG CODE FOR SUSTAINABLE HOMES
651 4 _aUnited Kingdom
_y
690 _aBUILT ENVIRONMENT-SUSTAINABLE CONSTRUCTION
942 _n0
999 _c80351
_d80351